[Event "Mondiale Lampo FIDE 2022"]
[Site "Alma Ata"]
[Date "29.12.2022"]
[Round "9.56"]
[White "Fedorov, Alexei"]
[Black "Idani, Pouya"]
[Result "0-1"]
[WhiteTitle ""]
[BlackTitle ""]
[WhiteElo "2475"]
[BlackElo "2637"]
[WhiteFideId "13500465"]
[BlackFideId "12510130"]
[EventDate "29.12.2022"]

1. e4 c5 2. d3 Nc6 3. g3 g6 4. Bg2 Bg7 5. f4 d6 6. Nf3 e5 7. O-O Nge7 8. f5 gxf5
9. Nh4 fxe4 10. dxe4 Be6 11. Nf5 Bxf5 12. exf5 Bf6 13. Nc3 d5 14. Nxd5 Nxd5 15.
Bxd5 Qd7 16. Be4 O-O-O 17. Qxd7+ Kxd7 18. Be3 b6 19. Rad1+ Kc7 20. c3 Ne7 21. b4
cxb4 22. cxb4 Nc8 23. Bd5 Ne7 24. Rc1+ Kb8 25. Be4 Nd5 26. Bd2 Nf4 27. Bxf4 exf4
28. Rfd1 fxg3 29. hxg3 Bb2 30. Rb1 Bd4+ 31. Kg2 Rhe8 32. Kf3 f6 33. Rd3 Be5 34.
Rbd1 Rxd3+ 35. Rxd3 Kc7 36. b5 Rg8 37. g4 Rg5 38. Bc6 Bd6 39. Rd5 h5 40. gxh5
Rxh5 41. Kg4 Rh2 42. a4 Rh7 43. Rd4 Rg7+ 44. Kf3 Rg3+ 45. Ke4 Rg7 46. Kf3 Be5
47. Rg4 Rh7 48. Ke4 Kd6 49. Rg8 Rh4+ 50. Kd3 Rxa4 51. Rd8+ Kc5 52. Rd5+ Kb4 53.
Rd7 Ra3+ 54. Ke4 Ra1 55. Kd5 a6 56. bxa6 Rxa6 57. Rb7 Ra5+ 58. Ke6 Kc5 59. Be8
b5 60. Rd7 Ra6+ 61. Kf7 b4 62. Rb7 Rb6 63. Rxb6 Kxb6 64. Ba4 Kc5 0-1

[Event "Mondiale Lampo FIDE 2022"]
[Site "Alma Ata"]
[Date "29.12.2022"]
[Round "9.57"]
[White "Adly, Ahmed"]
[Black "Makarian, Rudik"]
[Result "0-1"]
[WhiteTitle ""]
[BlackTitle ""]
[WhiteElo "2596"]
[BlackElo "2554"]
[WhiteFideId "10601619"]
[BlackFideId "44105681"]
[EventDate "29.12.2022"]

1. Nf3 Nf6 2. g3 b5 3. Bg2 Bb7 4. O-O e6 5. a4 b4 6. d4 Be7 7. c4 O-O 8. Bf4 c5
9. dxc5 Na6 10. Nbd2 Nxc5 11. Nb3 Rc8 12. Ne5 Bxg2 13. Kxg2 d5 14. Nd4 dxc4 15.
Ndc6 Qc7 16. Rc1 Qb7 17. Rxc4 Rxc6 18. Nxc6 Qxc6+ 19. f3 a5 20. Qc2 Nd5 21. Rc1
Rc8 22. Qd1 e5 23. Bd2 Nb6 24. R4c2 Nbxa4 25. Be3 b3 26. Rd2 h6 27. Rc4 Qb5 28.
Qc1 Rb8 29. Rd5 Rc8 30. Rxe5 Bf8 31. Bxh6 Nxb2 32. Rg4 Nbd3 33. exd3 b2 34. Qg5
b1=Q 35. Re2 Q5xd3 36. Rf2 Ne6 37. Qe5 Qf5 38. Bxg7 Bxg7 39. Rxg7+ Nxg7 40. Qd4
Qe6 41. Qa7 Qb5 42. h4 a4 43. Rd2 Qbd5 44. Rf2 Qb3 45. h5 a3 46. h6 Qxh6 47. Re2
Qd1 0-1

[Event "Mondiale Lampo FIDE 2022"]
[Site "Alma Ata"]
[Date "29.12.2022"]
[Round "9.58"]
[White "Puranik, Abhimanyu"]
[Black "Jobava, Baadur"]
[Result "0-1"]
[WhiteTitle ""]
[BlackTitle ""]
[WhiteElo "2616"]
[BlackElo "2578"]
[WhiteFideId "5061245"]
[BlackFideId "13601520"]
[EventDate "29.12.2022"]

1. e4 c6 2. Nf3 d5 3. Nc3 Bg4 4. h3 Bxf3 5. Qxf3 e6 6. Be2 Nd7 7. O-O g6 8. d4
Bg7 9. Be3 Ne7 10. Rfd1 O-O 11. Bf1 Qb6 12. Rab1 Rfe8 13. b4 a6 14. a4 Qc7 15.
a5 Rad8 16. Bf4 Qc8 17. Na4 dxe4 18. Qxe4 Nd5 19. Bg5 Bf6 20. Bxf6 N7xf6 21. Qf3
Kg7 22. Nc5 Ne7 23. c3 Qc7 24. Re1 Nf5 25. Re5 Nd7 26. Nxd7 Rxd7 27. Bc4 Qd8 28.
g3 Qf6 29. Rbe1 Red8 30. Kg2 Rd6 31. Bb3 h5 32. Bc2 Ne7 33. Qd3 Nd5 34. h4 Ne7
35. Qd1 Rd5 36. Bb3 R5d6 37. Qe2 Nf5 38. Re4 Kg8 39. Rf4 Qg7 40. Bc2 Ne7 41. Rf3
Nd5 42. Qd2 Nf6 43. Re5 Ng4 44. Rg5 e5 45. Bb3 Rf6 46. Rxf6 Qxf6 47. Qc2 Kg7 48.
dxe5 Nxe5 49. Qe4 Ng4 50. Qe2 Qxc3 51. Qe7 Qf6 52. Qxf6+ Kxf6 53. Rc5 Rd2 54.
Bc4 Rxf2+ 55. Kg1 Rc2 0-1

[Event "Mondiale Lampo FIDE 2022"]
[Site "Alma Ata"]
[Date "29.12.2022"]
[Round "9.59"]
[White "Savchenko, Boris"]
[Black "Petkov, Momchil"]
[Result "1-0"]
[WhiteTitle ""]
[BlackTitle ""]
[WhiteElo "2552"]
[BlackElo "2531"]
[WhiteFideId "4147332"]
[BlackFideId "2921642"]
[EventDate "29.12.2022"]

1. e4 c5 2. Nf3 d6 3. d4 cxd4 4. Nxd4 Nf6 5. Nc3 a6 6. Bg5 e6 7. f4 h6 8. Bh4
Qb6 9. a3 Be7 10. Bf2 Qc7 11. g4 Nc6 12. Rg1 Bd7 13. Nb3 h5 14. h3 hxg4 15. hxg4
d5 16. e5 Ne4 17. Nxe4 dxe4 18. g5 O-O-O 19. Qe2 Na5 20. Nd4 Rh2 21. O-O-O Bc5
22. Rg2 Rxg2 23. Bxg2 Bxd4 24. Bxd4 Nb3+ 25. Kb1 Bb5 26. Qe3 Bd3 27. cxd3 Rxd4
28. Bxe4 Kb8 29. Ka2 Qc2 30. Rh1 Kc7 31. g6 fxg6 32. Bxg6 Ra4 33. d4 Rxd4 34.
Bxc2 1-0

[Event "Mondiale Lampo FIDE 2022"]
[Site "Alma Ata"]
[Date "29.12.2022"]
[Round "9.60"]
[White "Yilmaz, Mustafa"]
[Black "Vetokhin, Savva"]
[Result "1-0"]
[WhiteTitle ""]
[BlackTitle ""]
[WhiteElo "2617"]
[BlackElo "2354"]
[WhiteFideId "6302718"]
[BlackFideId "44144474"]
[EventDate "29.12.2022"]

1. d4 Nf6 2. c4 e6 3. Nf3 d5 4. Nc3 Bb4 5. Qa4+ Nc6 6. Bd2 O-O 7. a3 Bxc3 8.
Bxc3 Ne4 9. Qc2 Nxc3 10. Qxc3 dxc4 11. e3 b6 12. Bxc4 Bb7 13. O-O Ne7 14. Be2
Rc8 15. b4 Nf5 16. Ne5 Nd6 17. Nc6 Qg5 18. Bf3 Nf5 19. Rfc1 Bxc6 20. Bxc6 Rb8
21. a4 Ne7 22. b5 Nxc6 23. Qxc6 Rfc8 24. Qd7 Qd5 25. Rxc7 Qxd7 26. Rxd7 Ra8 27.
Rb7 h6 28. g3 Rc4 29. a5 bxa5 30. Rxa5 Rb4 31. b6 a6 32. h4 Rb2 33. Kg2 Rc8 34.
Rc5 Ra8 35. Ra7 Rb8 36. Rcc7 Rf8 37. b7 Kh7 38. Rxa6 Rb8 39. Rxf7 Kg6 40. Re7 1-0

[Event "Mondiale Lampo FIDE 2022"]
[Site "Alma Ata"]
[Date "29.12.2022"]
[Round "9.61"]
[White "Isanzhulov, Arystan"]
[Black "Yakubboev, Nodirbek"]
[Result "1-0"]
[WhiteTitle ""]
[BlackTitle ""]
[WhiteElo "2313"]
[BlackElo "2647"]
[WhiteFideId "13711644"]
[BlackFideId "14203987"]
[EventDate "29.12.2022"]

1. e4 c5 2. d4 cxd4 3. c3 Nf6 4. e5 Nd5 5. Nf3 Nc6 6. Bc4 Nb6 7. Bb3 d5 8. exd6
Qxd6 9. O-O Be6 10. Na3 dxc3 11. Nb5 Qxd1 12. Rxd1 Rc8 13. Bxe6 fxe6 14. Nxc3 h6
15. Re1 Kf7 16. Re4 Nd5 17. Bd2 g5 18. Rae1 Bg7 19. h4 Bxc3 20. bxc3 gxh4 21. c4
Nf6 22. Rxe6 h3 23. gxh3 Rcd8 24. Bc3 Rd3 25. Rxe7+ Nxe7 26. Ne5+ Kf8 27. Nxd3
Rg8+ 28. Kf1 Nd7 29. Bb4 Rg7 30. Nf4 Ke8 31. Nd5 1-0

[Event "Mondiale Lampo FIDE 2022"]
[Site "Alma Ata"]
[Date "29.12.2022"]
[Round "9.62"]
[White "Agmanov, Zhandos"]
[Black "Harsha, Bharathakoti"]
[Result "1-0"]
[WhiteTitle ""]
[BlackTitle ""]
[WhiteElo "2442"]
[BlackElo "2593"]
[WhiteFideId "13708309"]
[BlackFideId "5078776"]
[EventDate "29.12.2022"]

1. d4 d5 2. c4 e6 3. Nf3 Nf6 4. Nc3 c6 5. e3 Nbd7 6. Qc2 Bd6 7. b3 O-O 8. Be2 b6
9. O-O Bb7 10. Bb2 Qe7 11. Rfe1 Rfe8 12. e4 Nxe4 13. Nxe4 dxe4 14. Qxe4 Nf8 15.
Qg4 f6 16. Bd3 Qf7 17. h4 h5 18. Qe4 c5 19. Qe2 Ng6 20. g3 cxd4 21. Nxd4 Ne5 22.
Be4 Bc5 23. Rad1 Rad8 24. Nc2 Ng4 25. Bd4 Bd6 26. Bxb7 Qxb7 27. Ne3 Be5 28. Nxg4
Bxd4 29. Nh2 Qf7 30. Qe4 e5 31. Nf3 Bc3 32. Rf1 g6 33. Rd5 Rxd5 34. cxd5 f5 35.
Qc4 Ba5 36. b4 b5 37. Qxb5 Bb6 38. Ng5 Qe7 39. Qc6 Kg7 40. d6 Qd8 41. d7 Re7 42.
Ne6+ 1-0

[Event "Mondiale Lampo FIDE 2022"]
[Site "Alma Ata"]
[Date "29.12.2022"]
[Round "9.63"]
[White "Sarana, Alexey"]
[Black "Makhnev, Denis"]
[Result "1-0"]
[WhiteTitle ""]
[BlackTitle ""]
[WhiteElo "2668"]
[BlackElo "2481"]
[WhiteFideId "24133795"]
[BlackFideId "13707647"]
[EventDate "29.12.2022"]

1. d4 Nf6 2. c4 e6 3. Nc3 Bb4 4. e3 O-O 5. Bd3 d5 6. a3 Bxc3+ 7. bxc3 dxc4 8.
Bxc4 c5 9. Ne2 Qc7 10. Bd3 e5 11. O-O Nc6 12. Ng3 Be6 13. f4 exd4 14. cxd4 Rfd8
15. h3 a6 16. Bb2 Rac8 17. dxc5 Qe7 18. Qe2 Na5 19. Rad1 Nb3 20. f5 Bd7 21. Bxf6
Qxf6 22. Ne4 Qe5 23. Nd6 Nxc5 24. Nxc8 Rxc8 25. Rf4 Bc6 26. Bc4 Re8 27. Qd2 Kf8
28. f6 gxf6 29. Qd6+ Qxd6 30. Rxd6 Ne4 31. Rd4 Nc5 1-0

[Event "Mondiale Lampo FIDE 2022"]
[Site "Alma Ata"]
[Date "29.12.2022"]
[Round "9.64"]
[White "Svane, Rasmus"]
[Black "Sankalp, Gupta"]
[Result "0-1"]
[WhiteTitle ""]
[BlackTitle ""]
[WhiteElo "2622"]
[BlackElo "2485"]
[WhiteFideId "4657101"]
[BlackFideId "5097010"]
[EventDate "29.12.2022"]

1. Nf3 d5 2. g3 c5 3. Bg2 Nf6 4. O-O e6 5. c4 d4 6. e3 Nc6 7. exd4 cxd4 8. d3
Bd6 9. Bg5 h6 10. Bxf6 Qxf6 11. a3 a5 12. Nfd2 Qe7 13. Re1 O-O 14. Ne4 Bc7 15.
c5 e5 16. Nbd2 Be6 17. Rc1 a4 18. Nc4 Na5 19. Ned6 Nxc4 20. Nxc4 Qxc5 21. Nxe5
Qb6 22. Nc4 Qa6 23. Qh5 Rac8 24. Bh3 Bxh3 25. Qxh3 Bb8 26. Qf5 Rc6 27. Nd2 Rf6
28. Qe4 Re6 29. Qf3 Rf6 30. Qe2 Re6 31. Qf1 Rfe8 32. Rxe6 Qxe6 33. Ne4 Qb3 34.
Qe2 Kf8 35. Qd2 f5 36. Nc5 Qb5 37. Rc4 Bd6 38. Qc2 Re1+ 39. Kg2 Qc6+ 40. Kh3 Qf3
41. Qd2 Re2 42. Qa5 Rxf2 43. Qd8+ Kf7 44. Qd7+ Kg8 45. Qe8+ Kh7 0-1

[Event "Mondiale Lampo FIDE 2022"]
[Site "Alma Ata"]
[Date "29.12.2022"]
[Round "9.65"]
[White "Zhigalko, Sergei"]
[Black "Arjun, Kalyan"]
[Result "1-0"]
[WhiteTitle ""]
[BlackTitle ""]
[WhiteElo "2572"]
[BlackElo "2505"]
[WhiteFideId "13502956"]
[BlackFideId "35018701"]
[EventDate "29.12.2022"]

1. e4 e5 2. Nf3 Nc6 3. Bb5 a6 4. Ba4 Nf6 5. O-O b5 6. Bb3 Bc5 7. a4 Rb8 8. Nc3
d6 9. axb5 axb5 10. Nd5 h6 11. d3 O-O 12. c3 Nxd5 13. Bxd5 Ne7 14. Bb3 Ng6 15.
d4 Bb6 16. h3 Qf6 17. Be3 c5 18. dxe5 dxe5 19. Bd5 Ne7 20. c4 bxc4 21. Bxc4 Bb7
22. Nd2 Nc6 23. Bd5 Nd4 24. Nc4 Bxd5 25. exd5 Bc7 26. Ra7 Qd8 27. Qg4 Qxd5 28.
Bxh6 Ne6 29. Rxc7 e4 30. Ne3 Qe5 31. Rd7 f5 32. Qg6 Rxb2 33. Re7 Qf6 34. Rxe6
Qxg6 35. Rxg6 Kh7 36. Bxg7 Rf7 37. Bxb2 1-0

[Event "Mondiale Lampo FIDE 2022"]
[Site "Alma Ata"]
[Date "29.12.2022"]
[Round "9.66"]
[White "Urazayev, Arystanbek"]
[Black "Sindarov, Javokhir"]
[Result "0-1"]
[WhiteTitle ""]
[BlackTitle ""]
[WhiteElo "2465"]
[BlackElo "2654"]
[WhiteFideId "13709810"]
[BlackFideId "14205483"]
[EventDate "29.12.2022"]

1. e4 c5 2. Nf3 g6 3. c3 d5 4. exd5 Qxd5 5. d4 Bg7 6. Na3 Nf6 7. Bc4 Qd8 8. O-O
cxd4 9. cxd4 O-O 10. Re1 Nc6 11. h3 Bf5 12. Bg5 Rc8 13. Rc1 a6 14. Bb3 Na5 15.
Rxc8 Bxc8 16. Bc2 Qb6 17. b3 Be6 18. Be3 Nd5 19. Bd2 Rc8 20. Bd3 Nb4 21. Bb1
Nac6 22. Be3 Qd8 23. Nc4 Nd5 24. Ng5 Nxe3 25. fxe3 Bd5 26. Rf1 e5 27. Nf3 exd4
28. exd4 Nxd4 29. Nfe5 Qg5 30. Qg4 Qxg4 31. Nxg4 Ne2+ 32. Kh2 Bxc4 33. bxc4 h5
34. Nf6+ Bxf6 35. Rxf6 Nc3 36. Bd3 Nxa2 37. Rb6 Rc7 38. Be4 Nc3 39. Bxb7 a5 40.
Bd5 Nxd5 41. cxd5 Ra7 42. Kg3 a4 43. Rb2 Kf8 44. Kf4 Ke7 45. Ke5 a3 46. Ra2 f6+
47. Kd4 Kd6 48. Kc4 h4 49. Kd4 Ra4+ 50. Kc3 Kxd5 51. Kb3 Ra6 52. Rd2+ Ke4 53.
Ka2 g5 54. Rf2 f5 55. Rc2 Kf4 56. Rc3 Re6 57. Rf3+ Ke4 58. Rxa3 Rd6 59. g3 Rd2+
60. Kb1 hxg3 61. Rxg3 Kf4 62. Ra3 g4 63. hxg4 fxg4 64. Kc1 Rd8 65. Ra4+ Kf3 66.
Ra3+ Kg2 67. Ra7 g3 68. Rg7 Kf2 69. Rf7+ Kg1 70. Kc2 g2 71. Kc3 Rh8 0-1

[Event "Mondiale Lampo FIDE 2022"]
[Site "Alma Ata"]
[Date "29.12.2022"]
[Round "9.67"]
[White "Cheng, Bobby"]
[Black "Sjugirov, Sanan"]
[Result "1/2-1/2"]
[WhiteTitle ""]
[BlackTitle ""]
[WhiteElo "2583"]
[BlackElo "2712"]
[WhiteFideId "4300033"]
[BlackFideId "4189302"]
[EventDate "29.12.2022"]

1. d4 Nf6 2. c4 e6 3. g3 d5 4. Bg2 Bb4+ 5. Bd2 Be7 6. Nf3 O-O 7. O-O c6 8. Qc2
b6 9. Nc3 Ba6 10. cxd5 cxd5 11. Rfc1 Nc6 12. Qa4 Bb7 13. e3 a6 14. Qd1 Rc8 15.
Na4 Ne4 16. Be1 b5 17. Nc3 Nd6 18. Ne2 Qb6 19. Nf4 b4 20. Nd3 a5 21. Nc5 Rc7 22.
Nxb7 Qxb7 23. Rc2 Rfc8 24. Rac1 b3 25. axb3 Qxb3 26. Bf1 a4 27. Ba6 Rb8 28. Be2
Rbc8 29. Ne5 Qb7 30. Nxc6 Rxc6 31. Rxc6 Rxc6 32. Bc3 Qb3 33. Qxb3 axb3 34. Ra1
g6 35. Ra8+ Kg7 36. Rb8 Ne4 37. Rxb3 Bd8 38. Ra3 Be7 39. Rb3 Bd8 40. Ra3 Be7 41.
Ra7 Bd6 42. Rd7 Bf8 43. Rb7 Nxc3 44. bxc3 Rxc3 45. Kg2 Rc2 46. Kf1 h5 47. h4 1/2-1/2

[Event "Mondiale Lampo FIDE 2022"]
[Site "Alma Ata"]
[Date "29.12.2022"]
[Round "9.68"]
[White "Ghaem Maghami, Ehsan"]
[Black "Khripachenko, Alexander"]
[Result "1-0"]
[WhiteTitle ""]
[BlackTitle ""]
[WhiteElo "2490"]
[BlackElo "2219"]
[WhiteFideId "12500739"]
[BlackFideId "54184975"]
[EventDate "29.12.2022"]

1. c4 e6 2. g3 d5 3. Bg2 Nf6 4. Nf3 Be7 5. d4 O-O 6. Qc2 Nbd7 7. O-O c6 8. Rd1
b6 9. Bf4 Ba6 10. Nbd2 c5 11. dxc5 bxc5 12. e4 d4 13. e5 Nh5 14. Ne4 Nxf4 15.
gxf4 g6 16. a3 Qc7 17. h4 Rab8 18. h5 Qb6 19. Rab1 Qb3 20. Qxb3 Rxb3 21. Nfd2
Rb6 22. b3 Rfb8 23. Ra1 Bb7 24. Re1 Bc6 25. Ng3 a5 26. Bxc6 Rxc6 27. a4 Nb6 28.
Kg2 Kg7 29. Nge4 Nd7 30. Rh1 Rcc8 31. Rh3 Rh8 32. Rah1 Rbc8 33. Kf1 Rb8 34. Ke2
Rbc8 35. Rg1 Rb8 36. Kd1 Rbc8 37. Kc2 Rb8 38. Ng3 Rbc8 39. Nf3 Rcg8 40. f5 exf5
41. Rgh1 1-0

[Event "Mondiale Lampo FIDE 2022"]
[Site "Alma Ata"]
[Date "29.12.2022"]
[Round "9.69"]
[White "Harutyunyan, Tigran K."]
[Black "Lintchevski, Daniil"]
[Result "0-1"]
[WhiteTitle ""]
[BlackTitle ""]
[WhiteElo "2511"]
[BlackElo "2548"]
[WhiteFideId "13303635"]
[BlackFideId "4171055"]
[EventDate "29.12.2022"]

1. d4 d5 2. Nf3 Nf6 3. c4 e6 4. Nc3 c5 5. Bg5 cxd4 6. Nxd4 Be7 7. e3 O-O 8. cxd5
Nxd5 9. Bxe7 Nxe7 10. Be2 Nbc6 11. Ndb5 Qb6 12. Qb3 Rd8 13. O-O a6 14. Nd4 Qxb3
15. Nxb3 b6 16. Rac1 Bd7 17. Na4 Rdb8 18. Rfd1 Be8 19. a3 Ne5 20. Nc3 a5 21. f4
N5c6 22. Nb5 Rd8 23. Nc7 Rxd1+ 24. Rxd1 Rc8 25. Nxe8 Rxe8 26. Bb5 Rc8 27. Rd6
Kf8 28. e4 Rd8 29. e5 Rc8 30. Kf2 Na7 31. Rxb6 Nd5 32. Rb7 Nxb5 33. Rxb5 Rc2+
34. Kf3 Rxb2 35. Nd4 Rxb5 36. Nxb5 Ke7 37. Ke4 Kd7 38. g3 f6 39. exf6 gxf6 40.
f5 Nb6 41. fxe6+ Kxe6 42. Nd4+ Kd6 43. Kf5 Nc4 44. Nc2 Ke7 45. h4 Kf7 46. Ke4
Kg6 47. g4 Ne5 48. g5 Nc4 49. gxf6 Kxf6 50. Kd5 Nb2 51. Kc5 Kf5 52. Kb5 a4 53.
Ne1 Kg4 54. Kb4 Kxh4 55. Kc3 Nd1+ 56. Kb4 Kg3 57. Nc2 h5 58. Nd4 Kf4 59. Ne6+
Kg4 60. Nc5 h4 61. Nd3 h3 0-1

[Event "Mondiale Lampo FIDE 2022"]
[Site "Alma Ata"]
[Date "29.12.2022"]
[Round "9.70"]
[White "Gadimbayli, Abdulla"]
[Black "Munkhgal, Gombosuren"]
[Result "0-1"]
[WhiteTitle ""]
[BlackTitle ""]
[WhiteElo "2524"]
[BlackElo "2463"]
[WhiteFideId "13404938"]
[BlackFideId "4901266"]
[EventDate "29.12.2022"]

1. e4 e6 2. d4 d5 3. Nd2 c5 4. exd5 exd5 5. Ngf3 Nc6 6. Bb5 cxd4 7. O-O Bd6 8.
Nb3 Ne7 9. Nbxd4 O-O 10. h3 Nxd4 11. Nxd4 Bc7 12. c3 Qd6 13. f4 Nf5 14. Bd3 Nxd4
15. cxd4 Re8 16. Kh1 Bd7 17. Qf3 a6 18. Be3 Bb5 19. Bxb5 axb5 20. Bg1 Re4 21.
Qd3 b4 22. Bh2 f5 23. Rac1 Bb6 24. Qb5 h6 25. a3 bxa3 26. bxa3 Rxa3 27. Rb1 Bxd4
28. Qxb7 Kh7 29. Rfd1 Ra2 30. Qc8 Qg6 31. g4 Ree2 32. Bg3 Rac2 33. Qxf5 Qxf5 34.
gxf5 Re4 35. Rb5 Rc3 36. Rxd5 Bf6 37. R1d3 Rc2 38. Rd2 Rcc4 39. Kg2 Re3 40. R2d3
Re2+ 41. Kf3 Rb2 42. Rd2 Rb1 43. Rd1 Rb8 44. R1d3 h5 45. Bf2 Rbb4 46. Bc5 Rxf4+
47. Ke3 Rbe4+ 48. Kd2 Rf1 49. Be3 Rf3 50. Bc5 Ref4 51. Bd4 Bg5 52. Rxf3 Rxd4+ 0-1

[Event "Mondiale Lampo FIDE 2022"]
[Site "Alma Ata"]
[Date "29.12.2022"]
[Round "9.71"]
[White "Gareyev, Timur"]
[Black "Suleymenov, Alisher"]
[Result "0-1"]
[WhiteTitle ""]
[BlackTitle ""]
[WhiteElo "2602"]
[BlackElo "2476"]
[WhiteFideId "14200937"]
[BlackFideId "13707833"]
[EventDate "29.12.2022"]

1. c4 Nf6 2. g3 g6 3. Bg2 Bg7 4. Nc3 O-O 5. d4 c5 6. d5 d6 7. Nh3 Na6 8. O-O Nc7
9. a4 e5 10. e4 Na6 11. f3 Nb4 12. Be3 b6 13. Qd2 a6 14. Nf2 Kh8 15. Rae1 Bd7
16. f4 Ne8 17. Kh1 Qe7 18. Bh3 Bxh3 19. Nxh3 exf4 20. gxf4 Nf6 21. Nf2 Nd7 22.
Rg1 Rae8 23. e5 dxe5 24. f5 gxf5 25. Bh6 Bxh6 26. Qxh6 Qf6 27. Qh5 Rg8 28. Nh3
Rg6 29. Ng5 Qg7 30. Rg3 f4 31. Rg4 Nf6 32. Nxf7+ Qxf7 0-1

[Event "Mondiale Lampo FIDE 2022"]
[Site "Alma Ata"]
[Date "29.12.2022"]
[Round "9.72"]
[White "Averin, Nikolay"]
[Black "Tabatabaei, M. Amin"]
[Result "0-1"]
[WhiteTitle ""]
[BlackTitle ""]
[WhiteElo "2342"]
[BlackElo "2660"]
[WhiteFideId "24250473"]
[BlackFideId "12521213"]
[EventDate "29.12.2022"]

1. e4 c6 2. d4 d5 3. Nd2 dxe4 4. Nxe4 Nf6 5. Nxf6+ exf6 6. c3 Bd6 7. Bd3 O-O 8.
Ne2 Re8 9. Qc2 h5 10. O-O h4 11. h3 Nd7 12. Bf4 Nf8 13. Bxd6 Qxd6 14. Rfe1 a5
15. Rad1 Be6 16. c4 Rad8 17. Qc3 Qc7 18. b3 Ng6 19. Bc2 Bc8 20. Qd3 Re7 21. Nc3
f5 22. Rxe7 Qxe7 23. Qe3 Qf6 24. d5 Ne5 25. dxc6 Rxd1+ 26. Nxd1 Kh7 27. cxb7
Bxb7 28. Qd4 Nf3+ 29. gxf3 Qxd4 30. Bxf5+ g6 31. Bc2 Bxf3 32. Ne3 Qd2 0-1

[Event "Mondiale Lampo FIDE 2022"]
[Site "Alma Ata"]
[Date "29.12.2022"]
[Round "9.73"]
[White "Hambleton, Aman"]
[Black "Suyarov, Mukhammadzokhid"]
[Result "1-0"]
[WhiteTitle ""]
[BlackTitle ""]
[WhiteElo "2437"]
[BlackElo "2299"]
[WhiteFideId "2606577"]
[BlackFideId "14210495"]
[EventDate "29.12.2022"]

1. d4 Nf6 2. Bf4 b6 3. e3 Bb7 4. h3 g6 5. Nf3 Bg7 6. Be2 O-O 7. O-O d6 8. a4 a6
9. Re1 Nbd7 10. Bh2 Re8 11. c4 e5 12. Nc3 exd4 13. Nxd4 Nc5 14. a5 Nfd7 15. axb6
Nxb6 16. b4 Ne4 17. Nxe4 Bxe4 18. c5 Nd5 19. Qd2 Qg5 20. Bf1 dxc5 21. bxc5 h5
22. Ra5 Ne7 23. c6 Qh6 24. Bxc7 Bxd4 25. Qxd4 Nxc6 26. Qf6 Nxa5 27. Bxa5 Qg7 28.
Qb6 Qe5 29. Bd2 Rad8 30. Bc1 Rd6 31. Qb3 Bd5 32. Qa3 Rb6 33. Bd2 Reb8 34. Bc3
Qe6 35. Qc5 Rc6 36. Qd4 f6 37. Ba1 Rf8 38. Rd1 Bc4 39. Bxc4 Rxc4 40. Qd3 Kh7 41.
Rb1 Rc7 42. Rd1 Rff7 43. Bd4 a5 44. Ra1 Qd5 45. Qd2 Rb7 46. Rxa5 Rb1+ 47. Kh2
Qd6+ 48. f4 Rbb7 49. Qc2 Qc7 50. Rxh5+ Kg7 51. Rc5 Qd7 52. Qc3 Qe6 53. Rc6 Qe4
54. Bxf6+ Kh7 55. Rc8 g5 56. Rh8+ Kg6 57. Rg8+ Kh7 58. Rxg5 Rbc7 59. Rh5+ Kg6
60. Rg5+ Kh6 61. Qe5 Qxe5 62. Bxe5 Rc2 63. Kg3 Rd7 64. Kf3 Rdd2 65. g4 Rh2 66.
Rh5+ Kg6 67. Ke4 Rc4+ 68. Bd4 Kf7 69. f5 Rc1 70. g5 Rch1 71. Rh7+ Kf8 72. Rh8+
Ke7 73. f6+ Kf7 74. Rh7+ Kf8 75. g6 Rxh3 76. Ra7 Rh4+ 77. Kd5 Rh5+ 78. Ke6 1-0

[Event "Mondiale Lampo FIDE 2022"]
[Site "Alma Ata"]
[Date "29.12.2022"]
[Round "9.74"]
[White "Mamedov, Edgar"]
[Black "Burmakin, Vladimir"]
[Result "1/2-1/2"]
[WhiteTitle ""]
[BlackTitle ""]
[WhiteElo "2283"]
[BlackElo "2498"]
[WhiteFideId "13739980"]
[BlackFideId "4105109"]
[EventDate "29.12.2022"]

1. d4 Nf6 2. c4 e6 3. Nf3 d5 4. Nc3 c6 5. e3 Nbd7 6. Qc2 Bd6 7. Bd3 O-O 8. O-O
Qe7 9. e4 dxc4 10. Bxc4 e5 11. h3 exd4 12. Nxd4 Ne5 13. Be2 Ng6 14. Nf5 Bxf5 15.
exf5 Nf4 16. Bxf4 Bxf4 17. Bf3 Bc7 18. g3 Rad8 19. Kg2 Rd7 20. Rfe1 Qc5 21. Rad1
Rxd1 22. Rxd1 h6 23. Rd2 Re8 24. Re2 Rxe2 25. Bxe2 Be5 26. Bf3 a5 27. Qd3 Qd4
28. Qe2 Kf8 29. Qc2 Bc7 30. Nd1 Bb6 31. Ne3 Qc5 32. Qxc5+ Bxc5 33. Nc4 a4 34.
Na5 Bd4 35. Nxb7 c5 36. b3 axb3 37. axb3 Ke7 38. Na5 Kd6 39. Nc4+ Ke7 40. g4 Nd7
41. Bd5 Ne5 42. Nxe5 Bxe5 43. Kf3 f6 44. Ke4 Bb2 45. f4 Ba3 46. Bc4 Bb4 47. Kf3
Ba3 48. Kg3 Bc1 1/2-1/2

[Event "Mondiale Lampo FIDE 2022"]
[Site "Alma Ata"]
[Date "29.12.2022"]
[Round "9.75"]
[White "Saraci, Nderim"]
[Black "Begmuratov, Khumoyun"]
[Result "1-0"]
[WhiteTitle ""]
[BlackTitle ""]
[WhiteElo "2468"]
[BlackElo "2399"]
[WhiteFideId "6351921"]
[BlackFideId "14210207"]
[EventDate "29.12.2022"]

1. b3 Nf6 2. Bb2 g6 3. Nf3 Bg7 4. d4 O-O 5. e3 d6 6. c4 Nbd7 7. Be2 e5 8. dxe5
Ng4 9. O-O Ngxe5 10. Nc3 Nxf3+ 11. Bxf3 Ne5 12. Be2 Be6 13. Qd2 Qh4 14. Nd5 Bxd5
15. cxd5 f5 16. Rac1 Rac8 17. Rc2 Qe7 18. Rfc1 a6 19. b4 g5 20. h3 Nf7 21. Bxg7
Kxg7 22. Qd4+ Ne5 23. f4 gxf4 24. exf4 Qh4 25. Rd1 Qg3 26. fxe5 dxe5 27. Qc3 Qf4
28. Rf1 Qe4 29. Bf3 Qf4 30. Bh5 1-0

[Event "Mondiale Lampo FIDE 2022"]
[Site "Alma Ata"]
[Date "29.12.2022"]
[Round "9.76"]
[White "Narayanan, Srinath"]
[Black "Munkhdalai, Amilal"]
[Result "1-0"]
[WhiteTitle ""]
[BlackTitle ""]
[WhiteElo "2559"]
[BlackElo "2142"]
[WhiteFideId "5018420"]
[BlackFideId "4903250"]
[EventDate "29.12.2022"]

1. d4 Nf6 2. Nf3 d5 3. Bf4 e6 4. e3 Bd6 5. Ne5 O-O 6. Nd2 c5 7. c3 Qc7 8. Ndf3
Nbd7 9. Bd3 Ne4 10. O-O Nxe5 11. dxe5 Be7 12. Bxe4 dxe4 13. Nd2 Qc6 14. Qc2 b6
15. Qxe4 Bb7 16. Qxc6 Bxc6 17. Rfd1 b5 18. c4 Rfb8 19. cxb5 Rxb5 20. b3 a5 21.
Nc4 a4 22. bxa4 Rxa4 23. Nd6 Rb8 24. Rac1 g5 25. Bg3 h5 26. Rxc5 Bd5 27. f3 h4
28. Bf2 Rxa2 29. e4 Rbb2 30. Rf1 Bb3 31. Rc7 Kf8 32. Rb7 Ba4 33. Rxb2 Rxb2 34.
h3 Bc2 35. Bc5 Kg8 36. Ra1 Rb1+ 37. Rxb1 Bxb1 38. Kf2 Bd3 39. Nb7 Bxc5+ 40. Nxc5
Bc4 41. Nd7 Kg7 42. Nf6 Kg6 43. g3 hxg3+ 44. Kxg3 Be2 45. f4 gxf4+ 46. Kxf4 Bd1
47. h4 Be2 48. Nd7 Kh5 49. Kg3 Bd3 50. Nf6+ Kg6 51. Kf3 Bc2 52. Kf4 Bd1 53. Ne8
Be2 54. Nd6 Bd1 55. Nc4 Kh5 56. Kg3 Bc2 57. Nd6 Kg6 58. Kf4 Bd1 59. Ne8 Kh5 60.
Kg3 Bc2 61. Kh3 Kg6 62. Nf6 Bd1 63. Kg2 Be2 64. Kf2 Bd1 65. Ke3 Kg7 66. Kd4 Be2
67. Kc5 Bd1 68. Kd6 Be2 69. Ke7 Bf3 70. Ke8 Bg2 71. Kd7 Bf3 72. Ke7 Bg2 73. Ne8+
Kg6 74. Nd6 Kh5 75. Kxf7 Kxh4 76. Kxe6 Kg5 77. Kf7 Bf3 78. e6 Bh5+ 79. Kg7 Kf4
80. Kf6 Bd1 81. e7 Ba4 82. e5 Bd7 83. e6 Bc6 84. e8=Q Bxe8 85. Nxe8 1-0